Vocabulaire Anglais #1 - Cliquez sur l'image - Statistiques

Statistiques générales
  • Ce quiz a été pris 18 412 fois
  • Le résultat moyen est 22 sur 24
Réponses sur la Carte
Les réponses sont colorées sur une échelle allant du rouge au vert en fonction du pourcentage des utilisateurs qui les ont devinées à leur premier essai. Vous pouvez retrouver ces pourcentages ci-dessous.
 
Statistiques - réponses
Réponse % Correct
A bird
95%
A car
95%
A ghost
95%
An airplane
95%
A nose
95%
A rainbow
95%
A shoe
95%
A snake
95%
A spider
95%
A strawberry
95%
A window
95%
Grapes
95%
The sun
95%
Watermelon
95%
A butterfly
94%
A cow
94%
A knife
94%
A bathtub
93%
A suitcase
93%
A ruler
91%
A whale
89%
A bucket
88%
A screwdriver
83%
A die
76%
Aucun quiz correspondant
Distribution des résultats
% des personnes avec chaque résultat
Percentile par nombre de réponses
Votre historique - résultats
Vous n’avez pas pris ce quiz